000 00572nam a22001937a 4500
003 KOHA_MİRAKIL
005 20251006085257.0
008 251006b tu ||||| |||| 00| 0 tur d
020 _a9786052650813
040 _aTR-AnABB
_btur
_cTR-AnABB
041 _atur
082 _a891.733
_bTUR 2023
100 1 _aTurgenyev, İvan Sergeyeviç,
_d1818-1883
245 1 0 _aBabalar ve oğullar /
_cİvan Sergeyeviç Turgenyev
260 _aİstanbul :
_bİthaki Yayınları,
_c2023
300 _a301 sayfa ;
_c20 cm
650 0 4 _aRus edebiyatı, roman
942 _2ddc
_cBK
999 _c9084
_d9084
900 _bGizem YORULMAZ